Que empiece la fiesta /

Gorde:
Xehetasun bibliografikoak
Egile nagusia: Ammaniti, Niccolò (autor)
Beste egile batzuk: Salmerón, Juan Manuel (traducción) (traducción)
Formatua: Liburua
Hizkuntza:gaztelania
Argitaratua: México : Anagrama, 2011, c2011
Saila:(Panorama de Narrativas ; 777)
Gaiak:
Etiketak: Etiketa erantsi
Etiketarik gabe, Izan zaitez lehena erregistro honi etiketa jartzen!

MARC

LEADER 00000nam^a2200000^a^4500
001 000318181
005 20250521000000.0
009 20260310113405.191
020 |a 978-607-7720-97-3 
037 |a Acervo ITESO - Biblioteca 
041 |a ESP 
082 |a 853.  |b AMM 
100 |a Ammaniti, Niccolò  |e (autor) 
245 1 0 |a Que empiece la fiesta /  |c N. Ammaniti ; tr. por J.M. Salmerón. 
264 4 |a México :  |b Anagrama,  |c 2011, c2011 
300 |a 328 p. 
336 |a texto  |b txt  |2 rdacontenido 
337 |a sin mediación  |b n  |2 rdamedio 
338 |a volumen  |b nc  |2 rdasoporte 
440 1 |a (Panorama de Narrativas ;  |v 777) 
500 |a Traducción de: Che la festa cominci 
545 0 |a Niccolò Ammaniti (Roma, 1966), escritor considerado una de las voces más destacadas de su generación en la literatura italiano. Cursa estudios inconclusos en Biología, pero de su proyecto de tesis surge el argumento de Branquias (1994), su primera novela. Hijo del psiquiatra Massimo Ammaniti, escribe junto con su padre el ensayo Nel nome del figlio: l'adolescenza racontata da un padre e da un figlio [En el nombre del hijo: la adolescencia contada por un padre y por un hijo] (1995). Alcanza un gran éxito de ventas con la novela No tengo miedo (2001), por la que recibe el Premio Viareggio de Narrativa, y confirma su posición entre los mejores narradores italianos de inicios del siglo XXI con Como Dios manda (2006), galardonada con el Premio Strega 2007. Otras de sus creaciones son la colección de cuentos La última Nochevieja de la humanidad (1996); el relato Seratina, escrito junto con Luisa Brancaccio e incluido en la antología Juventud caníbal (1996), y las novelas Te llevaré conmigo (1999), Que empiece la fiesta (2009) y Tú y yo (2010). Ha coescrito las adaptaciones fílmicas de su obra, como ocurre en las películas basadas en No tengo miedo (2003) y Como Dios manda (2008), dirigidas por Gabriele Salvatores y la segunda exhibida en México con el título El pozo, y en Tú y yo (2012), realizada por Bernardo Bertolucci. Ha sido reconocido con el Premio Dessì de Narrativa 2011 y traducido a más de cuarenta lenguas. 
649 |a XX 
650 |a Novela Italiana 
650 |a Literatura Italiana -  |y Siglo XXI 
650 |a Fiestas de Vida Cotidiana en la Literatura 
700 |a Salmerón, Juan Manuel  |e (traducción) 
910 |a Fondo General 
920 |a Impresos - Libros 
930 |a Colección General 
940 |a Literatura 
905 |a 101 
901 |a 0500205127  |b IT1  |c LIT  |i C130863  |u 20250521 
902 |a https://opac.biblio.iteso.mx/vufind/Record/000318181